Loading...
Literature - British Literature | 1 | 3 | 0 | 1 | 45 | 77 | 110.25 | 1 | 4 |
Social Science | 2 | 2 | 1 | 2 | 45 | 59 | 94.00 | 2 | 4 |
Science - Physics | 2 | 2 | 1 | 0 | 45 | 63 | 70.00 | 2 | 4 |
History - European History | 0 | 5 | 2 | 1 | 40 | 81 | 102.40 | 3 | 5 |
Literature - World Literature | 0 | 4 | 0 | 1 | 40 | 96 | 128.00 | 1 | 4 |
Science - Other Science | 1 | 3 | 3 | 0 | 30 | 32 | 86.25 | 2 | 4 |
Literature - American Literature | 0 | 3 | 0 | 1 | 30 | 110 | 132.67 | 0 | 3 |
Fine Arts - Auditory Fine Arts | 0 | 3 | 0 | 0 | 30 | 101 | 123.33 | 0 | 3 |
Religion | 0 | 3 | 1 | 2 | 25 | 106 | 127.67 | 2 | 3 |
Mythology | 0 | 2 | 1 | 0 | 15 | 135 | 136.50 | 0 | 2 |
History - American History | 0 | 2 | 1 | 1 | 15 | 98 | 112.00 | 0 | 2 |
History - Other History | 0 | 2 | 1 | 0 | 15 | 90 | 105.50 | 0 | 2 |
Science - Chemistry | 0 | 3 | 3 | 0 | 15 | 89 | 100.00 | 0 | 3 |
Religion- Edited | 0 | 1 | 0 | 0 | 10 | 114 | 114.00 | 0 | 1 |
Fine Arts - Other Fine Arts | 0 | 1 | 0 | 1 | 10 | 109 | 109.00 | 0 | 1 |
Social Science- Edited | 0 | 1 | 0 | 0 | 10 | 87 | 87.00 | 0 | 1 |
Geography | 0 | 1 | 0 | 0 | 10 | 127 | 127.00 | 0 | 1 |
Science - Biology | 0 | 2 | 3 | 2 | 5 | 105 | 112.50 | 0 | 2 |
Literature - European Literature | 0 | 1 | 1 | 0 | 5 | 131 | 131.00 | 0 | 1 |
Pop Culture | 0 | 1 | 1 | 0 | 5 | 86 | 86.00 | 0 | 1 |
Mythology- Edited | 0 | 0 | 0 | 0 | 0 | 0.00 | 0 | 0 | |
Fine Arts - Visual Fine Arts | 0 | 1 | 2 | 1 | 0 | 145 | 145.00 | 0 | 1 |
Philosophy | 0 | 2 | 5 | 2 | -5 | 128 | 131.50 | 0 | 2 |